书目信息 |
| 题名: |
网络环境下的信息服务理论与实践探讨
|
|
| 作者: | 王锐英 , 郭燕平 主编 | |
| 分册: | ||
| 出版信息: | 北京 中国建筑工业出版社 2011 |
|
| 页数: | 177页 | |
| 开本: | 26cm | |
| 丛书名: | ||
| 单 册: | ||
| 中图分类: | G251-53 | |
| 科图分类: | ||
| 主题词: | 图书馆工作--情报服务--文集 | |
| 电子资源: | ||
| ISBN: | 978-7-112-13765-7 | |
| 000 | 01080nam0 2200241 450 | |
| 001 | 0100004131 | |
| 005 | 20191106103345.39 | |
| 010 | @a978-7-112-13765-7@dCNY32.00 | |
| 100 | @a20120213d2011 em y0chiy50 ea | |
| 101 | 0 | @achi |
| 102 | @aCN@b110000 | |
| 105 | @ay z 000yy | |
| 200 | 1 | @a网络环境下的信息服务理论与实践探讨@e北京建筑工程学院图书馆第二届学术研讨会论文集@f王锐英,郭燕平主编@Awang luo huan jing xia de xin xi fu wu li lun yu shi jian tan tao |
| 210 | @a北京@c中国建筑工业出版社@d2011 | |
| 215 | @a177页@d26cm | |
| 330 | @a本书所收录文章紧紧围绕图书馆的现代化管理、数字图书馆建设、学科特色资源建设、个性化学科服务、知识服务、信息素质教育、大学生阅读等相关专题。 | |
| 517 | 1 | @a北京建筑工程学院图书馆第二届学术研讨会论文集@Abei jing jian zhu gong cheng xue yuan tu shu guan di er jie xue shu yan tao hui lun wen ji |
| 606 | 0 | @a图书馆工作@x情报服务@j文集 |
| 690 | @aG251-53@v5 | |
| 701 | 0 | @a王锐英@f(1958~)@4主编@Awang rui ying |
| 701 | 0 | @a郭燕平@c(女,@f1964~)@4主编@Aguo yan ping |
| 801 | 0 | @aCN@c20160515 |
| 905 | @a河南城建学院图书馆@dG251-53@eW328 | |
| 网络环境下的信息服务理论与实践探讨:北京建筑工程学院图书馆第二届学术研讨会论文集/王锐英,郭燕平主编.-北京:中国建筑工业出版社,2011 |
| 177页;26cm |
| ISBN 978-7-112-13765-7:CNY32.00 |
| 本书所收录文章紧紧围绕图书馆的现代化管理、数字图书馆建设、学科特色资源建设、个性化学科服务、知识服务、信息素质教育、大学生阅读等相关专题。 |
| ● |
| 相关链接 |
|
|
|
正题名:网络环境下的信息服务理论与实践探讨
索取号:G251-53/W328
 
预约/预借
| 序号 | 登录号 | 条形码 | 馆藏地/架位号 | 状态 | 备注 |
| 1 | 1283329 | 212833291 | 社科库409/409社科库 59排2列2层/ [索取号:G251-53/W328] | 在馆 | |
| 2 | 1283330 | 212833308 | 社科二线422/409社科库 59排2列2层/ [索取号:G251-53/W328] | 在馆 | |
| 3 | 1283331 | 212833317 | 社科二线422/409社科库 59排2列2层/ [索取号:G251-53/W328] | 在馆 | |
| 4 | 1307272 | 213072725 | 社科库409/409社科库 59排2列2层/ [索取号:G251-53/W328] | 在馆 | |
| 5 | 1307273 | 213072734 | 社科二线422/409社科库 59排2列2层/ [索取号:G251-53/W328] | 在馆 | |
| 6 | 1307274 | 213072743 | 社科库409/409社科库 59排2列2层/ [索取号:G251-53/W328] | 在馆 |